000 00326nam a2200133Ia 4500
008 240624s9999 xx 000 0 und d
041 _aeng
082 _a658 MAH
100 _aO MAHONEY JOE
245 _aMANAGEMENT CONSULTANCY
260 _c2010
_aNew Delhi
_bOxford University Press
300 _a394 : p.
365 _cRS
_b32
999 _c19010
_d19010